Statistics for Bacteria, Fungi, Virus, or Protozoa? (Quiz #2)

Click here to take the quiz!

General Stats

  • This quiz has been taken 26 times
  • The average score is 10 of 15

Answer Stats

QuestionAnswer% Correct
InfluenzaVirus
100%
CholeraBacteria
91%
HerpesVirus
91%
Dengue feverVirus
91%
TetanusBacteria
87%
Varicella (Chickenpox)Virus
87%
BlastomycosisFungi
70%
LeptospirosisBacteria
61%
BlastomycosisFungi
61%
TalaromycosisFungi
61%
TrichomoniasisProtozoan
61%
GiardiaProtozoan
57%
Chagas diseaseProtozoan
48%
Histoplasmosis.Fungi
39%
CryptosporidiosisProtozoan
26%

Score Distribution

Percentile by Number Answered

Percent of People with Each Score

Your Score History

You have not taken this quiz